000 004630000a22001690004500
003 LK-CoMWRAF
008 230817t ||||| |||| 00| 0 eng d
040 _aLK-CoMWRAF
_dLK-CoMWRAF
_eLK-CoMWRAF
041 _aeng
082 _a340
_bJAY
100 _aJayawardane, Kumari
245 _aPennilaivathamum Thesiyavathamum
_bMoonram Ulaka Naadukalil Pennilaivathamum Thesiyavathamum
260 _aColombo
_SSA
_c2000
300 _ap.64
650 _aTamil
942 _cBK
999 _c439
_d439